00483nam a2200181Ia 450000500170000000800410001702000150005804000190007304100120009208200170010410000180012124500710013926000290021030000090023965000230024865100200027185000100029120230330084721.0131103s9999 xx 000 0 und d a8190282301 aLoreto College aEnglish a891.448bBIS aBiswas, Adhir aAmar to ekhon IndiaycAdhir Biswas; illustrated by Debabrata Ghosh aCalcuttabGangchilc2005 a51p  aBengali Literature aBengali Fiction aLCLIB